000 00272nam a2200121Ia 4500
003 GCL
008 140319s9999 xx 000 0 ara d
040 _aGCL /
_cGCL
082 0 4 _aفيديو
_b45
245 1 0 _aاريد حلا
260 _a[S.N] :
_bلا يوجد
490 _a
999 _c28752
_d28752